000 02334nam0a2200337 4500
001 RU\NLR\BIBL_A\022756679
005 20260615151733.0
010 _a978-5-00081-748-3
_9300
021 _aRU
_bКН-П-26-004489
_9КН-П-26-0427
035 _a(NLR Aleph) 022756679
090 _a13731761
_c13731761
100 _a20260317d2025 k y0rusy50 ca
101 0 _arus
102 _aRU
105 _aa z 000yy
181 0 _ai
_baxxe
182 0 _an
200 1 _aПолитико-правовые основы развития информационного общества в Республике Северная Осетия – Алания
_eмонография
_fЗ. Т. Золоева, Б. Г. Койбаев
_gМинистерство науки и высшего образования Российской Федерации, Федеральное государственное бюджетное образовательное учреждение высшего образования "Северо-Осетинский государственный университет имени Коста Левановича Хетагурова", Федеральное государственное бюджетное образовательное учреждение высшего образования "Северо-Кавказский горно-металлургический институт (государственный технологический университет)"
203 _aТекст
_bвизуальный
_cнепосредственный
210 _aВладикавказ
_cСОГУ им. К. Л. Хетагурова
_cЦопанова А. Ю.
_d2025
215 _a207 с.
_cтабл.
_d21
320 _aБиблиогр.: с. 150–188 (239 назв.)
606 1 _aОбщество
_xИнформатизация
_xГосударственное регулирование
_yСеверная Осетия-Алания, Республика
_92713276
_3RU\NLR\AUTH\6601771854
686 1 _aХ62ф
686 1 _aФ3(2)15
700 1 _aЗолоева
_bЗ. Т.
_gЗарина Тамерлановна
701 1 _aКойбаев
_bБ. Г.
_gБорис Георгиевич
942 _cBOOK
980 _aNB